Marine refrigeration (Record no. 1909)

000 -LEADER
fixed length control field 00389nam a22001577a 4500
008 - FIXED-LENGTH DATA ELEMENTS--GENERAL INFORMATION
fixed length control field 200206b ||||| |||| 00| 0 eng d
082 00 - DEWEY DECIMAL CLASSIFICATION NUMBER
Classification number 623.8535
Item number M9714
100 ## - MAIN ENTRY--PERSONAL NAME
9 (RLIN) 890
Personal name Munton, R.
245 10 - TITLE STATEMENT
Title Marine refrigeration
250 ## - EDITION STATEMENT
Edition statement 1st
260 ## - PUBLICATION, DISTRIBUTION, ETC. (IMPRINT)
Place of publication, distribution, etc London
Name of publisher, distributor, etc Modern refrigeration
Date of publication, distribution, etc 1950
300 ## - PHYSICAL DESCRIPTION
Extent 90p.
365 ## - TRADE PRICE
Unit of pricing 5.03
650 #0 - SUBJECT ADDED ENTRY--TOPICAL TERM
Topical term or geographic name as entry element Marine Refrigeration
942 ## - ADDED ENTRY ELEMENTS (KOHA)
Item type Books
Holdings
Withdrawn status Lost status Source of classification or shelving scheme Damaged status Not for loan Permanent location Current location Date acquired Source of acquisition Full call number Barcode Date last seen Koha item type
          IMU Kolkata IMU Kolkata 1953-03-12 A. H. Wheeler 623.8535 M9714 01611 2020-02-06 Books
          IMU Kolkata IMU Kolkata 1953-03-12 A. H. Wheeler 623.8535 M9714 01612 2020-02-06 Books
Designed and Maintained by IMU-KC Library, Kolkata Campus © Copyright All Rights Reserved

webs counters

Powered by Koha